000 01410nam0a2200361 4500
001 RU\NLR\bibl\1670867
005 20260405211149.0
010 _a978-5-94432-095-7
010 _a978-5-7387-1465-3
_91500
021 _aRU
_b2010-56959
_93733
035 _a(NLR Aleph) 001662128
090 _a988308
_c988308
100 _a20100902d2010 |||y0rusy50 ca
101 1 _arus
_ceng
102 _aRU
105 _aa |||||||||
200 1 _aГолоса Земли
_dVoices of the Earth
_eпуть зеленой духовности
_fКлеа Данаан
_g[пер. с англ.: С.А. Матвеев]
_zeng
210 _aСанкт-Петербург
_cБудущее Земли
_d2010
215 _a220, [1] с.
_cил., портр.
_d21
225 1 _aБудущее Земли
300 _aНа тит.л. в вых.дан.: Вудбери, Миннесота: Ллевлин Пабликейшен
320 _aДр. работы авт. на 5-й с.
510 0 _6z73790
_aVoices of the Earth
_zeng
606 1 _aПсихобиоэнергетика
_91524850
_3RU\NLR\auth\66964907
686 _aЮ969
686 _aЕ071.11
700 1 _4070
_8rus
_7ca
_aДанаан
_bК.
_gКлеа
_3RU\NLR\auth\7794292
_977218
790 1 _4070
_8eng
_7ba
_aDanaan
_bK.
_gClea
_3RU\NLR\auth\7794293
_977219
801 0 _aRU
_bNLR
_c20100902
_gRCR
801 1 _aRU
_bNLR
_c20100902
942 _cBOOK
980 _aNB